000 00501nam a2200181Ia 4500
005 20250508163653.0
008 008 250505s9999 xx 000 0 hin d
037 _aTextual
040 _aFEDL
_beng
_cFEDL
041 _ahin
_2eng
084 _a891.439, KRI
_qFEDL
100 _aKrishanchandra Lal
_9775940
245 0 _aUrdu kavita ka vikas
260 _aFaizabad, India
_bBhavdiye Prakashan
_c1997
300 _a213p.
942 _cTEXL
_h891.439, KRI
999 _c1384617
_d1384617